Filmografia di Quantin Tarantino - Statistics

Statistiche generali
  • Questo quiz è stato fatto 233 volte
  • Il punteggio medio è 8 su 10
Statistiche sulle risposte
Anno Titolo del film % Corretto
1994 Pulp Fiction
96%
2003 Kill Bill: Volume 1
90%
2004 Kill Bill: Volume 2
90%
1992 Le Iene
85%
2009 Bastardi senza gloria
81%
2019 C'era una volta a... Hollywood
80%
2012 Django Unchained
80%
2015 The Hateful Eight
69%
1997 Jackie Brown
54%
2007 Grindhouse - A prova di morte
37%
Nessun quiz corrispondente trovato
Distribuzione punteggi
Percentuale di utenti per punteggio
Percentile per numero di risposta
I tuoi punteggi nel tempo
Non hai fatto questo quiz